| 000 | 01750cam a22004694i 4500 | ||
|---|---|---|---|
| 003 | PE-LiUPU | ||
| 005 | 20250731173342.0 | ||
| 008 | 150706s r 000 0 d | ||
| 020 | _a950512418X | ||
| 035 | _a(Sirsi) i9789505124183 | ||
| 040 |
_aPE-LiUPU _bspa _cPE-LiUPU _erda |
||
| 049 | _aPRUA | ||
| 082 | 0 | 4 |
_a226.4 _bL83 _221 |
| 100 | 1 |
_aLópez, Miguel Ángel, _eautor. |
|
| 245 | 1 | 3 |
_aEl evangelio de Lucas / _cMiguel Ángel López . |
| 264 | 1 |
_aBuenos Aires : _bClaretiana, _c2006. |
|
| 300 |
_a96 páginas : _bilustraciones ; _c17 centímetros |
||
| 336 |
_atext _2rdacontent |
||
| 337 |
_aunmediated _2rdamedia |
||
| 338 |
_avolume _2rdacarrier |
||
| 504 | _aIncluye bibliografía. | ||
| 505 | 0 | _aEl autor -- las fuentes -- El destinatario -- Los hechos -- -- El relato -- El programa lucano -- El plan del Evangelio -- La temática -- Las enseñanzas -- Lucas, el "Teólogo" -- El rostro de Jesús -- El Espíritu Santo. | |
| 526 | _aSEG42 | ||
| 526 | _aSEG41 | ||
| 526 | _aSEG40 | ||
| 526 | _aSEG39 | ||
| 526 | _aP94 | ||
| 526 | _aP87 | ||
| 526 | _aP86 | ||
| 526 | _aP85 | ||
| 526 | _aP77 | ||
| 526 | _aP76 | ||
| 526 | _aP35 | ||
| 541 | _g007-0020319; | ||
| 630 |
_aBiblia. _pN.T. _pLucas _xComentarios. |
||
| 910 |
_bjv _cng _d20090911 |
||
| 942 |
_2ddc _cBOOK |
||
| 949 |
_a226.4 L83 _wDEWEY _c1 _i60332 _lCCODEBUL1 _mBUL _p9.00 _r0 _sY _tBOOK _u2015-7-6 _xTEOLOGIA _zUNKNOWN _0COMPRA _o.STAFF. Colección General |
||
| 994 |
_aC0 _bPEPRU |
||
| 596 | _a1 | ||
| 999 |
_a226.4 L83 _wDEWEY _c49795 _i60332 _d49795 _e2019-5-28 _f2021-11-9 _g5 _lCCODEBUL1 _mBUL _n3 _p9.00 _q1 _r0 _sY _tBOOK _u2015-7-6 _xTEOLOGIA _zUNKNOWN _0COMPRA _o.STAFF. Colección General |
||
| 980 |
_81 _gALBERTO SANCHEZ Responsable de Automatización |
||